000 00639nam a2200229Ia 4500
005 20250108125029.0
008 008 250107s9999 xx 000 0 eng d
020 _a978-93-80357-22-5
037 _aTB
040 _aCRL
_beng
_cCRL
041 _aeng
_2eng
084 _aΔ2wN P6
084 _qCRL
100 _aKarkaria Bachi Au.
_9730296
245 0 _aMills molls and moolah: it all began in Bombay
_cKarkaria Bachi Au.
260 _aNew Delhi, India
_bTimes Group Books
_c3079
300 _a167p.
365 _aINR
_b495
650 _aMUMBAI - HISTORY
_928713
942 _cTB
_hΔ2wN P6
999 _c1235467
_d1235467